Thiết kế bài giảng hình học 11 T.2

Đã lưu trong:
Bibliografiske detaljer
Hovedforfatter: Trần, Vinh
Format: Bog
Sprog:Undetermined
Udgivet: H. Hà Nội 2007
Fag:
Online adgang:http://lrc.tdmu.edu.vn/opac/search/detail.asp?aID=2&ID=16396
Tags: Tilføj Tag
Ingen Tags, Vær først til at tagge denne postø!
Thư viện lưu trữ: Trung tâm Học liệu Trường Đại học Thủ Dầu Một
LEADER 00631nam a2200205Ia 4500
001 TDMU_16396
008 210410s9999 xx 000 0 und d
082 |a 516.072 
090 |b TR121 
100 |a Trần, Vinh 
245 0 |a Thiết kế bài giảng hình học 11 
245 0 |c Trần Vinh 
245 0 |n T.2 
260 |a H. 
260 |b Hà Nội 
260 |c 2007 
300 |a 202tr 
650 |a Sách lớp 11; Hình học; Thiết kế bài giảng 
856 |u http://lrc.tdmu.edu.vn/opac/search/detail.asp?aID=2&ID=16396 
980 |a Trung tâm Học liệu Trường Đại học Thủ Dầu Một